Times por Escudo - Primeira División 2025 (Paraguai) - Statistics

Estatísticas Gerais
  • Esse quiz foi jogado 27 vezes
  • A pontuação média é 7 de 12
Estatísticas das Respostas
Imagem Resposta % Correto
Guaraní
100%
Olimpia
100%
Cerro Porteño
96%
Libertad
96%
Nacional
96%
Sportivo Luqueño
62%
Sportivo Ameliano
38%
Trinidense
31%
General Caballero JLM
27%
2 de Mayo
19%
Recoleta
8%
Tembetary
8%
Nenhum quiz correspondente encontrado
Distribuição das Pontuações
Porcentagem de Pessoas com Cada Pontuação
Percentil de Números Respondidos
Sua Pontuação Histórica
Você não jogou esse quiz